000 00462nam a2200157 4500
001 118341
003 ES-MaACL
005 20230906191058.0
007 t|
008 070214s1970 sp r ||||1| spa d
100 1 _aPerulles Bassas, Juan José.
_991418
245 1 3 _aLa empresa pública y su normativa /
_cJuan José Perulles Bassas.
260 _aBarcelona :
_bLibrería Bosch,
_c1970.
300 _a400 p. ;
_c25 cm.
852 _aES-MaACL
_jC-37587
_bR.76219
999 _c118341
_d118341